Modelovanie suverénneho defaultu alebo prečo štáty neplatia svoj dlh diplomová práca

Enregistré dans:
Détails bibliographiques
Auteur principal: Krč, Filip
Collectivité auteur: Národohospodárska fakulta EU. Katedra financií
Autres auteurs: Káčer, Marek, 1976-
Format: Livre
Langue:slovaque
Publié: Bratislava 2019
Tags: Ajouter un tag
Pas de tags, Soyez le premier à ajouter un tag!

MARC

LEADER 00000nbm a2200000 4500
001 0254845
005 20190724131246.2
041 0 |a slo 
044 |a SK 
245 1 0 |a Modelovanie suverénneho defaultu alebo prečo štáty neplatia svoj dlh  |b diplomová práca  |c Filip Krč ; školiteľ: Marek Káčer 
264 1 |a Bratislava  |c 2019 
300 |a 52 s. 
100 1 |a Krč, Filip 
700 1 |a Káčer, Marek, 1976- 
710 2 |a Národohospodárska fakulta EU. Katedra financií